| 000 | 00893nam a22002055i 4500 | ||
|---|---|---|---|
| 001 | 54305 | ||
| 003 | ES-MaACL | ||
| 005 | 20230906162932.0 | ||
| 007 | t| | ||
| 008 | 960718s1870 sp ||||1| spa d | ||
| 080 | _a651.93 | ||
| 110 | 2 |
_aReal Sociedad Económica Matritense de Amigos del País. _96389 |
|
| 245 | 1 | 0 |
_aReinstalación de la Cátedra de Taquigrafía por la Sociedad Económica Matritense _b: solemne apertura de dicha cátedra el día 7 de noviembre de 1869 en la capilla del Instituto de San Isidro y discursos leídos en este acto / _cpor Agustín Pascual y Guillermo Flórez de Pando. |
| 260 |
_aMadrid : _b[s.n.], _c1870 ( _fImp. del Colegio Nacional de Sordo-Mudos y de Ciegos) |
||
| 300 |
_a28 p. ; _c22 cm. |
||
| 650 | 4 |
_aTaquigrafía. _917284 |
|
| 700 | 1 |
_aPascual, Agustín. _989339 |
|
| 700 | 1 |
_aFlórez de Pando, Guillermo. _951316 |
|
| 852 | 4 |
_aES-MaACL _jT-105-F-13 |
|
| 999 |
_c54305 _d54305 |
||